000 00707nam a2200241 a 4500
001 26753
003 CO-ViMGA
008 141112s2004 ck r 000 u spa d
020 _a9806437314
040 _aCO-ViMGA
_bspa
_cCO-ViMGA
041 _aspa fre
082 0 4 _a577 O63
245 1 0 _aLos orígenes de la vida
246 _aLos orígenes de la vida : experimentos fáciles y divertidos
260 _aMaracay :
_bPlayco Editores,
_cc2002
300 _a83 p. : il. ; 18 cm
490 _aCiencia de bolsillo. Los pequeños científicos ; 7
500 _a8 a 12 años
521 _a8 - 12 años.
650 1 4 _aOrigen de la vida - Experimentos
_941416
917 _a1648 20050418
942 _2ddc
_cBK
999 _c33497
_d33497